00666 a2200229 4500260003900000245002600039300001100065650001800076650001800094650003100112650002800143260001500171300001000186260000900196100000700205630011500212037001000327650003100337100002200368044002800390020001800418 bSouthern illinois university Press aA Study of archeology a261 p. aArchéologie aAnthropologie aArchéologie américaine aEtats unis d'Amérique aCarbondale b21 cm c1973 lEn a91 - Geographie. exploration de la terre, des diverses regions, des divers pays. Voyages. Geographie regionale a25378 a9 - GEOGRAPHIE ET HISTOIRE aTaylor, Walter W. cEtats unis d'Amérique a0-8093-0242-x